| 000 | 00488ntaaa2200193 4500 | ||
|---|---|---|---|
| 003 | 01 | ||
| 005 | 20251027201713.0 | ||
| 008 | 0714s1973 ag 01 | ||
| 040 |
_aAR-BaBN _bspa _cAR-BaBN _eaacr _dRIC |
||
| 082 | _a233.7000 H44o | ||
| 100 |
_aHerraez, Fidel _915621 |
||
| 245 | _aLa> opción fundamental | ||
| 250 | _a1 ed. | ||
| 260 |
_aSalamanca : _bSígueme, _c1978 |
||
| 300 | _a171 p | ||
| 650 |
_aantropologia teologica _91908 |
||
| 650 |
_alibertad del hombre _912955 |
||
| 942 | _cBK | ||
| 999 |
_c11712 _d11712 |
||